000 00671nam a22001937a 4500
999 _c16523
_d16523
008 160520b xxu||||| |||| 00| 0 eng d
022 _a0091-4169
082 _aDPer 364.05 J82 2015 v105 n1
100 _aRountree, Meredith Martin.
_944010
245 _aCriminals get all the rights:
_bthe sociolegal construction of different rights to die/
_cMeredith Martin Rountree.
260 _aEvanston:
_bNorthwestern University Press,
_cc2015.
300 _av105 n1, pages 149-202;
_c25 cm.
310 _aQuarterly
362 _a
500 _aThe Journal of Criminal Law and Criminology.
650 _aPrisoners.
_944011
650 _aCriminals.
_944012
942 _2ddc
_cPER